000 00450nam a2200193Ia 4500
005 20240823030026.0
008 240823s9999||||xx |||||||||||||| ||und||
020 _a978-0-07-015136-9
041 _aENGLISH
082 _A624.1834 Q0
100 _aGambhir M L
245 0 _aConcrete Technology Theory and Practice
250 _a4th
260 _c2010
_b#VALUE!
500 _aYES
650 _aConcrete
_bCivil
942 _cBK
999 _c187715
_d187715